| 000 | 00467nam a22001457a 4500 | ||
|---|---|---|---|
| 008 | 230612b |||||||| |||| 00| 0 eng d | ||
| 040 |
_aNational Science Library _cNational Science Library |
||
| 080 |
_a687.3(540) _bJ8 |
||
| 245 |
_aHosiery industry (all India) _c/ Ministry of Commerce and Industry |
||
| 260 |
_aNew Delhi: _bMinistry of Commerce and Industry, _c1957 |
||
| 300 | _a147p. | ||
| 650 | _aLanguage | ||
| 653 | _aIndustry | ||
| 942 |
_2udc _cPR |
||
| 999 |
_c42079 _d42079 |
||